000 00526cam a22001457a 4500
008 180718b2010 xxu||||| |||| 00| 0 eng d
082 _aAPPPA 2009-10/CHA
100 _aChaturvedi, Meena
245 _aBudgetary reforms and fiscal responsibility
_cby Meena Chaturvedi
260 _aNew Delhi
_bIndian Institute of Public Administration
_c2010
300 _a151p.
500 _aAn APPPA M.Phil dissertation, 2009-10 (Guide: Prof. Pranab Banerji)
650 _aIndia --Appropriations and expenditures
650 _aBudget --India
999 _c501963
_d501963